Read China : how china's development shapes Chinese people's lives in the changing world (Record no. 587882)
[ view plain ]
| 000 -LEADER | |
|---|---|
| fixed length control field | 00413nam a22001457a 4500 |
| 020 ## - INTERNATIONAL STANDARD BOOK NUMBER | |
| International Standard Book Number | 9787802590090 |
| 040 ## - CATALOGING SOURCE | |
| Transcribing agency | NUST |
| 082 ## - DEWEY DECIMAL CLASSIFICATION NUMBER | |
| Classification number | 370.951; GAN |
| 100 ## - MAIN ENTRY--PERSONAL NAME | |
| Personal name | Gang Han |
| 9 (RLIN) | 15030 |
| 245 ## - TITLE STATEMENT | |
| Title | Read China : how china's development shapes Chinese people's lives in the changing world |
| Statement of responsibility, etc. | Han Gang |
| 260 ## - PUBLICATION, DISTRIBUTION, ETC. | |
| Name of publisher, distributor, etc. | Beijing mediatime united |
| Date of publication, distribution, etc. | 2010 |
| Place of publication, distribution, etc. | Beijing |
| 300 ## - PHYSICAL DESCRIPTION | |
| Extent | ill,280,P,: |
| 500 ## - GENERAL NOTE | |
| General note | H.B |
| 942 ## - ADDED ENTRY ELEMENTS (KOHA) | |
| Source of classification or shelving scheme | |
| Koha item type | Book |
| Withdrawn status | Lost status | Source of classification or shelving scheme | Damaged status | Not for loan | Permanent Location | Current Location | Date acquired | Total Checkouts | Full call number | Barcode | Date last seen | Price effective from | Koha item type | Public note |
|---|---|---|---|---|---|---|---|---|---|---|---|---|---|---|
| School of Civil and Environmental Engineering (SCEE) | School of Civil and Environmental Engineering (SCEE) | 02/15/2022 | 370.951; GAN | NIT-13476 | 02/15/2022 | 02/15/2022 | Book | Chinese Donation |
